Applied Chemistry Vol -2 (Record no. 8085)
[ view plain ]
| 000 -LEADER | |
|---|---|
| fixed length control field | 00272nam a2200109Ia 4500 |
| 008 - FIXED-LENGTH DATA ELEMENTS--GENERAL INFORMATION | |
| fixed length control field | 191201s2013 xx 000 0 und d |
| 100 ## - MAIN ENTRY--PERSONAL NAME | |
| Personal name | OBEROI, Jagmohan |
| 245 #0 - TITLE STATEMENT | |
| Title | Applied Chemistry Vol -2 |
| 260 ## - PUBLICATION, DISTRIBUTION, ETC. (IMPRINT) | |
| Date of publication, distribution, etc | 2013 |
| Name of publisher, distributor, etc | NORTH PUB. |
| Place of publication, distribution, etc | NEW DELHI |
| 300 ## - PHYSICAL DESCRIPTION | |
| Extent | 208 |
| 942 ## - ADDED ENTRY ELEMENTS (KOHA) | |
| Source of classification or shelving scheme | Dewey Decimal Classification |
| Koha item type | Text Books |
| 942 ## - ADDED ENTRY ELEMENTS (KOHA) | |
| -- | 10 |
| Withdrawn status | Lost status | Source of classification or shelving scheme | Damaged status | Not for loan | Collection code | Home library | Current library | Date acquired | Source of acquisition | Cost, normal purchase price | Bill Number | Total Checkouts | Full call number | Acc. no. / Barcode | Date last seen | Bill Date | Koha item type | Date last borrowed | Public note | Checked out |
|---|---|---|---|---|---|---|---|---|---|---|---|---|---|---|---|---|---|---|---|---|
| Dewey Decimal Classification | Diploma in Mechanical | PIET C-LIBRARY | PIET C-LIBRARY | 08/02/2013 | Shree prime Books | 175.00 | 1501 | 540 OBA | DE601 | 04/12/2019 | 08/02/2013 | Text Books | ||||||||
| Dewey Decimal Classification | Diploma in Mechanical | PIET C-LIBRARY | PIET C-LIBRARY | 08/02/2013 | Shree prime Books | 175.00 | 1501 | DE602 | 04/12/2019 | 08/02/2013 | Text Books | |||||||||
| Dewey Decimal Classification | Diploma in Mechanical | PIET C-LIBRARY | PIET C-LIBRARY | 08/02/2013 | Shree prime Books | 175.00 | 1501 | 1 | DE603 | 19/01/2022 | 08/02/2013 | Text Books | 06/11/2020 | Price Paid | ||||||
| Dewey Decimal Classification | Diploma in Mechanical | PIET C-LIBRARY | PIET C-LIBRARY | 08/02/2013 | Shree prime Books | 175.00 | 1501 | 540 OBA | DE604 | 04/12/2019 | 08/02/2013 | Text Books | ||||||||
| Dewey Decimal Classification | Diploma in Mechanical | PIET C-LIBRARY | PIET C-LIBRARY | 08/02/2013 | Shree prime Books | 175.00 | 1501 | 540 OBA | DE605 | 04/12/2019 | 08/02/2013 | Text Books | ||||||||
| Dewey Decimal Classification | Diploma in Mechanical | PIET C-LIBRARY | PIET C-LIBRARY | 08/02/2013 | Shree prime Books | 175.00 | 1501 | 3 | 540 OBA | DE606 | 07/05/2026 | 08/02/2013 | Text Books | 24/04/2026 | ||||||
| Dewey Decimal Classification | Diploma in Mechanical | PIET C-LIBRARY | PIET C-LIBRARY | 08/02/2013 | Shree prime Books | 175.00 | 1501 | 1 | DE607 | 27/10/2020 | 08/02/2013 | Text Books | 27/10/2020 | 10/11/2020 | ||||||
| Dewey Decimal Classification | Diploma in Mechanical | PIET C-LIBRARY | PIET C-LIBRARY | 08/02/2013 | Shree prime Books | 175.00 | 1501 | 540 OBA | DE608 | 04/12/2019 | 08/02/2013 | Text Books | ||||||||
| Dewey Decimal Classification | Diploma in Mechanical | PIET C-LIBRARY | PIET C-LIBRARY | 08/02/2013 | Shree prime Books | 175.00 | 1501 | 1 | 540 OBA | DE609 | 14/10/2021 | 08/02/2013 | Text Books | 23/10/2020 | ||||||
| Dewey Decimal Classification | Diploma in Mechanical | PIET C-LIBRARY | PIET C-LIBRARY | 08/02/2013 | Shree prime Books | 175.00 | 1501 | 540 OBA | DE610 | 04/12/2019 | 08/02/2013 | Text Books | ||||||||
| Dewey Decimal Classification | Diploma in Mechanical | PIET C-LIBRARY | PIET C-LIBRARY | 08/02/2013 | Shree prime Books | 175.00 | 1501 | 1 | 540 OBA | DE611 | 03/02/2026 | 08/02/2013 | Text Books | 02/02/2026 | ||||||
| Dewey Decimal Classification | Diploma in Mechanical | PIET C-LIBRARY | PIET C-LIBRARY | 08/02/2013 | Shree prime Books | 175.00 | 1501 | 2 | 540 OBA | DE612 | 22/04/2024 | 08/02/2013 | Text Books | 19/04/2024 | ||||||
| Dewey Decimal Classification | Diploma in Mechanical | PIET C-LIBRARY | PIET C-LIBRARY | 08/02/2013 | Shree prime Books | 175.00 | 1501 | 1 | 540 OBA | DE613 | 08/06/2023 | 08/02/2013 | Text Books | 25/05/2023 | ||||||
| Dewey Decimal Classification | Diploma in Mechanical | PIET C-LIBRARY | PIET C-LIBRARY | 08/02/2013 | Shree prime Books | 175.00 | 1501 | 2 | DE614 | 28/02/2025 | 08/02/2013 | Text Books | 28/02/2025 | 16/09/2025 | ||||||
| Dewey Decimal Classification | Diploma in Mechanical | PIET C-LIBRARY | PIET C-LIBRARY | 08/02/2013 | Shree prime Books | 175.00 | 1501 | 540 OBA | DE615 | 04/12/2019 | 08/02/2013 | Text Books | ||||||||
| Dewey Decimal Classification | Diploma in Mechanical | PIET C-LIBRARY | PIET C-LIBRARY | 08/02/2013 | Shree prime Books | 175.00 | 1501 | 540 OBA | DE616 | 04/12/2019 | 08/02/2013 | Text Books | ||||||||
| Dewey Decimal Classification | Diploma in Mechanical | PIET C-LIBRARY | PIET C-LIBRARY | 08/02/2013 | Shree prime Books | 175.00 | 1501 | 540 OBA | DE617 | 04/12/2019 | 08/02/2013 | Text Books | ||||||||
| Dewey Decimal Classification | Diploma in Mechanical | PIET C-LIBRARY | PIET C-LIBRARY | 08/02/2013 | Shree prime Books | 175.00 | 1501 | 540 OBA | DE618 | 04/12/2019 | 08/02/2013 | Text Books | ||||||||
| Dewey Decimal Classification | Diploma in Mechanical | PIET C-LIBRARY | PIET C-LIBRARY | 08/02/2013 | Shree prime Books | 175.00 | 1501 | 1 | DE619 | 27/10/2020 | 08/02/2013 | Text Books | 27/10/2020 | 10/11/2020 | ||||||
| Dewey Decimal Classification | Diploma in Mechanical | PIET C-LIBRARY | PIET C-LIBRARY | 08/02/2013 | Shree prime Books | 175.00 | 1501 | 540 OBA | DE620 | 20/10/2021 | 08/02/2013 | Text Books | ||||||||
| Dewey Decimal Classification | Diploma in Mechanical | PIET C-LIBRARY | PIET C-LIBRARY | 08/02/2013 | Shree prime Books | 175.00 | 1501 | 540 OBA | DE621 | 04/12/2019 | 08/02/2013 | Text Books | ||||||||
| Dewey Decimal Classification | Diploma in Mechanical | PIET C-LIBRARY | PIET C-LIBRARY | 08/02/2013 | Shree prime Books | 175.00 | 1501 | 540 OBA | DE622 | 04/12/2019 | 08/02/2013 | Text Books | ||||||||
| Dewey Decimal Classification | Diploma in Mechanical | PIET C-LIBRARY | PIET C-LIBRARY | 08/02/2013 | Shree prime Books | 175.00 | 1501 | 1 | 540 OBA | DE623 | 14/08/2021 | 08/02/2013 | Text Books | 02/08/2021 | ||||||
| Dewey Decimal Classification | Diploma in Mechanical | PIET C-LIBRARY | PIET C-LIBRARY | 08/02/2013 | Shree prime Books | 175.00 | 1501 | 540 OBA | DE624 | 07/09/2020 | 08/02/2013 | Text Books | ||||||||
| Dewey Decimal Classification | Diploma in Mechanical | PIET C-LIBRARY | PIET C-LIBRARY | 08/02/2013 | Shree prime Books | 175.00 | 1501 | 1 | DE625 | 06/11/2020 | 08/02/2013 | Text Books | 06/11/2020 | 20/11/2020 | ||||||
| Dewey Decimal Classification | Diploma in Mechanical | PIET C-LIBRARY | PIET C-LIBRARY | 08/02/2013 | Shree prime Books | 175.00 | 1501 | 540 OBA | DE626 | 04/12/2019 | 08/02/2013 | Text Books | ||||||||
| Dewey Decimal Classification | Diploma in Mechanical | PIET C-LIBRARY | PIET C-LIBRARY | 08/02/2013 | Shree prime Books | 175.00 | 1501 | 1 | 540 OBA | DE627 | 27/11/2025 | 08/02/2013 | Text Books | 24/11/2025 | ||||||
| Dewey Decimal Classification | Diploma in Mechanical | PIET C-LIBRARY | PIET C-LIBRARY | 08/02/2013 | Shree prime Books | 175.00 | 1501 | 1 | DE628 | 27/10/2020 | 08/02/2013 | Text Books | 27/10/2020 | 10/11/2020 | ||||||
| Dewey Decimal Classification | Diploma in Mechanical | PIET C-LIBRARY | PIET C-LIBRARY | 08/02/2013 | Shree prime Books | 175.00 | 1501 | 2 | 540 OBA | DE629 | 31/07/2023 | 08/02/2013 | Text Books | 03/07/2023 | ||||||
| Dewey Decimal Classification | Diploma in Mechanical | PIET C-LIBRARY | PIET C-LIBRARY | 08/02/2013 | Shree prime Books | 175.00 | 1501 | 1 | DE630 | 27/10/2020 | 08/02/2013 | Text Books | 27/10/2020 | 10/11/2020 |